000 00459pab a2200157 454500
008 180718b2010 xxu||||| |||| 00| 0 eng d
100 _aBerkel, Rik Van
245 _aThe provision of income protection and activation services for the unemployed in `active' welfare states, an international comparison
260 _c2010
300 _ap.17-34.
362 _aJan
650 _aIncome
773 _aJournal of Social Policy
908 _aN
909 _a86262
999 _c86262
_d86262